000 00452nam a2200181Ia 4500
001 4598
005 20260306145807.0
008 260306t2007||||xx |||||||||||||| ||spa||
041 _aESP
082 _a327.17
_bI V. 3 2007
100 _aConvenio Andrés Bello
_eAUT
245 0 _aLa integración y el desarrollo social fronterizo
260 _c2007
300 _a160 páginas :
_ccm.
650 _aGEN
654 _aCHU
942 _cLIB
_dJUS
_fJUS
_2ddc
_n
999 _c4598
_d4598